000 00381nam a22001577a 4500
005 20260219153937.0
008 260219b |||||||| |||| 00| 0 eng d
082 _a158 P5
100 _aPerumalsamy Ra
245 _aUyarntha Nokkangal
_cPerumalsamy
250 _a1st
260 _aChennai
_bValluvan Pathipagam
_c2005
650 _vGeneral
_xTamil
942 _cBK
999 _c249452
_d249452